[Event "ch-EUR Women Blitz"]
[Site "Monaco MNC"]
[Date "2017.10.23"]
[EventDate "2017.10.23"]
[Round "3.4"]
[Result "1/2-1/2"]
[White "Olga Girya"]
[Black "Antoaneta Stefanova"]
[WhiteElo "2505"]
[BlackElo "2506"]
[PlyCount "367"]

1. d4 d5 2. c4 c6 3. Nf3 Nf6 4. e3 g6 5. Nc3 Bg7 6. Be2 O-O
7. O-O a6 8. b3 b5 9. Ne5 Bb7 10. Bb2 Nfd7 11. Nf3 Nf6 12. Ne5
Nfd7 13. Nf3 Nf6 14. Rc1 Nbd7 15. Qc2 Rc8 16. Rfd1 e6 17. Ba3
Re8 18. Qb1 Qb6 19. Bd6 Bf8 20. c5 Qd8 21. Bxf8 Kxf8 22. b4 e5
23. e4 dxe4 24. Nxe5 Kg8 25. h3 Qe7 26. Nxd7 Qxd7 27. Qb2 Rcd8
28. Qd2 Qf5 29. Qe3 Bc8 30. Re1 h5 31. Bf1 Nd5 32. Nxd5 Qxd5
33. a3 Qxd4 34. g3 Qxe3 35. Rxe3 f5 36. h4 Rd4 37. f3 Kf7
38. Rce1 Re6 39. fxe4 Rexe4 40. Bg2 Rxe3 41. Rxe3 Bd7 42. Kf2
Kf6 43. Bf3 f4 44. gxf4 Rxf4 45. Kg3 Rd4 46. Be4 a5 47. bxa5
Ra4 48. Rf3+ Ke5 49. Bc2 Rxa5 50. Bxg6 Bg4 51. Rf8 Kd4
52. Rd8+ Kxc5 53. Rd3 Ra4 54. Rc3+ Kb6 55. Be8 c5 56. Rb3 b4
57. Bxa4 Bd1 58. Rb1 Bxa4 59. axb4 c4 60. Kf4 c3 61. Ke3 Kb5
62. Kd3 c2 63. Rg1 Kxb4 64. Kd2 Kb3 65. Kc1 Kc3 66. Rg5 Be8
67. Rg3+ Kd4 68. Kxc2 Bc6 69. Kd2 Ke4 70. Rg5 Be8 71. Kc3 Kf4
72. Kd4 Bf7 73. Kc5 Be8 74. Kd6 Ba4 75. Rxh5 Kg4 76. Rh8 Kf5
77. Ke7 Kg6 78. Kf8 Bd1 79. Kg8 Bb3+ 80. Kf8 Bd1 81. Ke7 Kg7
82. Ra8 Kg6 83. Ra5 Be2 84. Rg5+ Kh6 85. Kf6 Bd3 86. Rg3 Bb1
87. Rg1 Bd3 88. Rg8 Kh7 89. Rg3 Bb1 90. Kg5 Bc2 91. Rc3 Bb1
92. Rc7+ Kh8 93. Rb7 Ba2 94. Kh6 Bg8 95. Ra7 Bd5 96. Kg6 Be4+
97. Kh6 Bd5 98. Ra5 Bc4 99. Rc5 Bb3 100. Rc7 Ba2 101. Rh7+ Kg8
102. Ra7 Bd5 103. Rd7 Be4 104. Rd8+ Kf7 105. Rb8 Bd3 106. Rd8
Bc2 107. Rc8 Bd3 108. Rc3 Bb1 109. Rg3 Bc2 110. Rg2 Bb1
111. Rg1 Bc2 112. h5 Bd3 113. Rg7+ Kf8 114. Rd7 Bc2 115. Rd8+
Kf7 116. Rc8 Bb1 117. Kg5 Kg7 118. Rc7+ Kh8 119. Rb7 Bc2
120. Kh6 Kg8 121. Rc7 Bb1 122. Kg5 Kh8 123. Kf6 Bd3 124. Ke5
Bb1 125. Rb7 Bc2 126. Kd4 Kg8 127. Rc7 Bb1 128. Rc1 Ba2
129. Ke5 Kh7 130. Kf6 Kh6 131. Rc5 Bb1 132. Rb5 Bd3 133. Ra5
Be2 134. Ra8 Kxh5 135. Rh8+ Kg4 136. Rg8+ Kf4 137. Rb8 Ke3
138. Ke5 Kd3 139. Rd8+ Kc3 140. Ke4 Bc4 141. Ke3 Be6 142. Rd6
Bf7 143. Rc6+ Kb2 144. Kd2 Bd5 145. Rb6+ Bb3 146. Rb8 Ka2
147. Kc3 Be6 148. Rb6 Bg8 149. Rb7 Be6 150. Rb5 Bf7 151. Ra5+
Kb1 152. Rg5 Ka1 153. Kc2 Be6 154. Rg1+ Ka2 155. Rg5 Bb3+
156. Kc3 Bf7 157. Ra5+ Kb1 158. Rb5+ Ka2 159. Rb2+ Ka1
160. Rf2 Be6 161. Kb4 Bg8 162. Rh2 Be6 163. Rf2 Bg8 164. Ka3
Bh7 165. Rb2 Bg6 166. Ra2+ Kb1 167. Rf2 Be4 168. Kb3 Bd5+
169. Kc3 Ka1 170. Rd2 Be6 171. Rd1+ Ka2 172. Re1 Bf7 173. Re3
Ka1 174. Rg3 Be6 175. Rf3 Bd5 176. Rf5 Ba2 177. Rf1+ Bb1
178. Rf2 Bh7 179. Kb3 Bg8+ 180. Ka3 Bh7 181. Rh2 Bf5 182. Ra2+
Kb1 183. Rf2 Be6 184. Rf1+ 1/2-1/2

[Event "ch-EUR Women Blitz"]
[Site "Monaco MNC"]
[Date "2017.10.23"]
[EventDate "2017.10.23"]
[Round "4.4"]
[Result "1-0"]
[White "Antoaneta Stefanova"]
[Black "Evgeniya Doluhanova"]
[WhiteElo "2506"]
[BlackElo "2328"]
[PlyCount "95"]

1. d4 Nf6 2. Nf3 e6 3. e3 d5 4. Bd3 b6 5. b3 Bb7 6. Bb2 Be7
7. O-O O-O 8. Nbd2 c5 9. Ne5 Nc6 10. f4 Nb4 11. Be2 Ne4
12. Nxe4 dxe4 13. a3 Nd5 14. Qd2 f6 15. Ng4 cxd4 16. Bxd4 Bc5
17. Bxc5 bxc5 18. Rad1 Qe7 19. c4 Nb6 20. Qd6 Rfe8 21. Qxe7
Rxe7 22. Rd6 Kf7 23. Rfd1 Rc8 24. Nf2 Rcc7 25. g4 Rcd7 26. b4
Rxd6 27. Rxd6 cxb4 28. axb4 Rc7 29. Rd4 e5 30. fxe5 fxe5
31. Rd1 Nxc4 32. Bxc4+ Rxc4 33. Rd7+ Kg6 34. Rxb7 Rc3 35. Nxe4
Rxe3 36. Ng3 Rb3 37. Nh5 Kg5 38. Rxg7+ Kh4 39. Rxa7 Rxb4
40. Rxh7 Kxg4 41. Ng3 e4 42. Rf7 Rb1+ 43. Nf1 e3 44. Re7 Kf4
45. Kg2 Rb2+ 46. Kh3 e2 47. Ng3 Kf3 48. Rxe2 1-0

[Event "ch-EUR Women Blitz"]
[Site "Monaco MNC"]
[Date "2017.10.23"]
[EventDate "2017.10.23"]
[Round "5.3"]
[Result "0-1"]
[White "Natalia Pogonina"]
[Black "Antoaneta Stefanova"]
[WhiteElo "2466"]
[BlackElo "2506"]
[PlyCount "82"]

1. d4 d5 2. c4 c6 3. e3 Nf6 4. Nc3 g6 5. Nf3 Bg7 6. Be2 O-O
7. O-O e6 8. b3 Nbd7 9. Bb2 b6 10. Rc1 Bb7 11. Bd3 Rc8 12. Bb1
Qc7 13. e4 dxe4 14. Nxe4 Nxe4 15. Bxe4 c5 16. Bxb7 Qxb7
17. Qe2 cxd4 18. Nxd4 a6 19. Rfd1 e5 20. Nf3 Rfe8 21. Rd2 a5
22. Rcd1 Nc5 23. Rd5 e4 24. Ng5 Qe7 25. Bxg7 Kxg7 26. Qb2+ Kg8
27. Qd4 h6 28. Nh3 a4 29. b4 Ne6 30. Qxb6 Rxc4 31. a3 Rc3
32. g3 Rxa3 33. Rd7 Qf6 34. Qb5 Rc8 35. R7d6 Ra2 36. Nf4 g5
37. Qd7 Rf8 38. Nh3 Qf5 39. Kg2 Qf3+ 40. Kg1 g4 41. Rxe6 gxh3
0-1

[Event "ch-EUR Women Blitz"]
[Site "Monaco MNC"]
[Date "2017.10.23"]
[EventDate "2017.10.23"]
[Round "7.4"]
[Result "1/2-1/2"]
[White "Antoaneta Stefanova"]
[Black "Inna Gaponenko"]
[WhiteElo "2506"]
[BlackElo "2433"]
[PlyCount "100"]

1. d4 d5 2. Nf3 Nf6 3. e3 c5 4. b3 Nc6 5. Bb2 cxd4 6. exd4 Bg4
7. h3 Bh5 8. Be2 e6 9. O-O Bd6 10. Re1 O-O 11. Nbd2 Rc8 12. a3
Qc7 13. Nf1 Rfd8 14. c4 dxc4 15. bxc4 e5 16. d5 Bxf3 17. Bxf3
Na5 18. Ne3 Nxc4 19. Nxc4 Qxc4 20. Bxe5 Bxe5 21. Rxe5 b5
22. Qd2 Qc3 23. Qxc3 Rxc3 24. a4 b4 25. a5 Rc5 26. a6 b3
27. Rb1 Rb8 28. Re7 b2 29. Rb7 Rxb7 30. axb7 Rb5 31. d6 Kf8
32. Kf1 a5 33. Bc6 Rb6 34. Ke2 a4 35. Bxa4 Rxb7 36. Kd3 Rb6
37. d7 Ke7 38. Kc2 Nxd7 39. Bxd7 Kxd7 40. Rxb2 Rxb2+ 41. Kxb2
Kd6 42. Kc3 Ke5 43. Kd3 f5 44. Ke3 g5 45. g3 f4+ 46. Kf3 fxg3
47. fxg3 Kf5 48. Ke3 Ke5 49. Kf3 Kf5 50. Ke3 Ke5 1/2-1/2

[Event "ch-EUR Women Blitz"]
[Site "Monaco MNC"]
[Date "2017.10.23"]
[EventDate "2017.10.23"]
[Round "8.5"]
[Result "0-1"]
[White "Antoaneta Stefanova"]
[Black "Cecile Haussernot"]
[WhiteElo "2506"]
[BlackElo "2169"]
[PlyCount "178"]

1. d4 Nf6 2. Nf3 e6 3. e3 c5 4. b3 Nc6 5. Bb2 d5 6. Nbd2 Bd6
7. Ne5 O-O 8. f4 cxd4 9. exd4 Ne4 10. Nxe4 dxe4 11. Be2 Ne7
12. O-O Nf5 13. Qd2 Bc7 14. Rad1 b5 15. Bxb5 Bb6 16. Bc6 e3
17. Qe2 Rb8 18. Be4 Nxd4 19. Bxd4 Bxd4 20. c3 Ba6 21. Bd3 Bxe5
22. Bxa6 Bd6 23. Qxe3 Qc7 24. b4 e5 25. f5 e4 26. g3 Be5
27. Rc1 Rb6 28. Be2 Rc6 29. c4 Rd6 30. Rfd1 Rf6 31. Rf1 a5
32. bxa5 Qxa5 33. Qxe4 Bc7 34. c5 Qxa2 35. Bc4 Qa7 36. Bd5 Bd6
37. Qe3 Rc8 38. Kg2 h5 39. Qf3 Bxc5 40. Qxh5 Qa3 41. Qf3 Qb2+
42. Kh1 Rh6 43. Qg2 Qe5 44. Rc4 Rd6 45. Be4 Qf6 46. Rfc1 Qe5
47. h4 Re8 48. Bf3 Be3 49. Re1 Qxf5 50. Rc3 Rde6 51. Bd5 Re5
52. Bf3 Bd4 53. Rxe5 Qxe5 54. Rc2 Qe1+ 55. Kh2 Qe5 56. Re2 Qb8
57. Rxe8+ Qxe8 58. Bd5 Qe5 59. Qf3 Qc7 60. h5 Qc2+ 61. Kh3
Qc8+ 62. g4 Qd7 63. Kg2 Bf6 64. Qe4 Qc8 65. Qg6 Qd7 66. Qe4
Qc8 67. Bc4 Qb8 68. Qd5 Qb2+ 69. Kh3 Qc3+ 70. Bd3 Qc7 71. Qa8+
Bd8 72. Qe4 Kf8 73. Qh7 Qf4 74. Qe4 Qf2 75. Qb4+ Kg8 76. Qe4
Kf8 77. Qb4+ Kg8 78. Qe4 Qh4+ 79. Kg2 Kf8 80. Qb4+ Kg8 81. Qe4
Kf8 82. Qb4+ Kg8 83. Qe4 Kf8 84. Qd4 Qe7 85. h6 Qb7+ 86. Be4
Bf6 87. Qd6+ Qe7 88. Qb8+ Qe8 89. Qxe8+ Kxe8 0-1

[Event "ch-EUR Women Blitz"]
[Site "Monaco MNC"]
[Date "2017.10.23"]
[EventDate "2017.10.23"]
[Round "9.7"]
[Result "0-1"]
[White "Karina Szczepkowska-Horowska"]
[Black "Antoaneta Stefanova"]
[WhiteElo "2406"]
[BlackElo "2506"]
[PlyCount "98"]

1. d4 d5 2. c4 c6 3. Nf3 Nf6 4. Nc3 a6 5. e3 e6 6. Bd3 dxc4
7. Bxc4 b5 8. Bd3 c5 9. O-O Bb7 10. a4 b4 11. Ne2 Nbd7 12. Ng3
Be7 13. dxc5 Nxc5 14. Bc4 Qxd1 15. Rxd1 O-O 16. Bd2 a5 17. Nd4
Rac8 18. b3 Rfd8 19. Be1 e5 20. Nb5 Bd5 21. Nf5 Bf8 22. Bxd5
Rxd5 23. Rxd5 Nxd5 24. Rd1 Nf6 25. Na7 Rc7 26. Nb5 Rd7
27. Rxd7 Nfxd7 28. Nfd6 Nxb3 29. Nc4 f6 30. Kf1 Ndc5 31. Ke2
Nxa4 32. Kd1 Nac5 33. Kc2 Be7 34. Nb6 Bd8 35. Nc4 Kf7 36. f3
Ke6 37. h3 Kd7 38. Nbd6 g6 39. Ne4 Nxe4 40. Kxb3 Nc5+ 41. Kc2
Kc6 42. g4 g5 43. h4 h6 44. h5 Bc7 45. Bd2 Kb5 46. Nb2 a4
47. f4 exf4 48. exf4 Bxf4 49. Bxf4 gxf4 0-1

[Event "ch-EUR Women Blitz"]
[Site "Monaco MNC"]
[Date "2017.10.23"]
[EventDate "2017.10.23"]
[Round "10.5"]
[Result "1-0"]
[White "Antoaneta Stefanova"]
[Black "Anastasia Savina"]
[WhiteElo "2506"]
[BlackElo "2350"]
[PlyCount "161"]

1. d4 d6 2. Nf3 g6 3. g3 Bg7 4. Bg2 c5 5. c3 Nf6 6. O-O O-O
7. Re1 Nc6 8. e4 cxd4 9. cxd4 d5 10. e5 Ne4 11. Nc3 Nxc3
12. bxc3 Na5 13. h3 h6 14. Bf4 Be6 15. Nd2 Rc8 16. Rc1 Qd7
17. Kh2 Rc7 18. Nb3 Nxb3 19. axb3 Rfc8 20. Bd2 b5 21. b4 Kh7
22. Ra1 h5 23. Bf1 Bh6 24. f4 h4 25. g4 Rxc3 26. g5 Bg7
27. Bxc3 Rxc3 28. Qd2 Rc7 29. Rec1 Bf5 30. Rxc7 Qxc7 31. Rc1
Qb6 32. Qc3 e6 33. Ra1 Bf8 34. Be2 Be4 35. Ra5 a6 36. Ra1 Qb7
37. Qe1 Qb6 38. Rd1 Kg8 39. Qc3 Qb7 40. Kg1 Qb6 41. Kf2 Be7
42. Ke3 Bd8 43. Qc8 Kg7 44. Qc5 Qb7 45. Bg4 Be7 46. Qc3 Qb6
47. Ra1 Qb7 48. Bf3 Bf5 49. Bg2 Qb6 50. Bf1 Qb7 51. Rc1 Qb6
52. Qc6 Qxc6 53. Rxc6 Bxb4 54. Rxa6 Be1 55. Bxb5 Bxh3 56. Ra1
Bg3 57. Bf1 Bf5 58. Bg2 h3 59. Bf3 h2 60. Bg2 Bg4 61. Bf3 Bf5
62. Bg2 Bg4 63. Ra3 Bf5 64. Ra1 Bg4 65. Bf3 Bf5 66. Bh1 Bg4
67. Rf1 Bf5 68. Rf3 Be4 69. Rxg3 Bxh1 70. Rh3 Be4 71. Rxh2 Bf5
72. Ra2 Be4 73. Ra7 Bc2 74. Kd2 Bb3 75. Kc3 Bc4 76. Kb4 Kf8
77. Kc5 Bb3 78. Kd6 Bc4 79. Ra8+ Kg7 80. Ke7 Bb5 81. Rf8 1-0

[Event "ch-EUR Women Blitz"]
[Site "Monaco MNC"]
[Date "2017.10.23"]
[EventDate "2017.10.23"]
[Round "11.3"]
[Result "1-0"]
[White "Valentina Gunina"]
[Black "Antoaneta Stefanova"]
[WhiteElo "2502"]
[BlackElo "2506"]
[PlyCount "107"]

1. e4 e5 2. Nf3 Nc6 3. Bc4 Bc5 4. d3 Nf6 5. O-O d6 6. c3 h6
7. a4 a5 8. Nbd2 O-O 9. h3 Re8 10. Re1 Be6 11. Bxe6 Rxe6
12. Nf1 d5 13. Qb3 b6 14. Ng3 dxe4 15. dxe4 Ne7 16. Bd2 Qe8
17. Rad1 Rd8 18. Bc1 Rxd1 19. Rxd1 Ng6 20. Qc4 Ne7 21. Kf1 Nc8
22. Nf5 Nd6 23. Nxd6 Rxd6 24. Rxd6 Bxd6 25. Ke2 Qa8 26. Nd2
Nd7 27. Nf1 Nc5 28. f3 Qa6 29. Qxa6 Nxa6 30. Be3 h5 31. Kd3
Kf8 32. Kc4 Ke7 33. Kb5 Nb8 34. b4 axb4 35. cxb4 Kd7 36. a5
bxa5 37. bxa5 Kc8 38. Nd2 c6+ 39. Ka4 Kb7 40. Nc4 Bc7 41. Bc5
Nd7 42. Bd6 f6 43. a6+ Kxa6 44. Bxc7 Nc5+ 45. Ka3 Nd3 46. Ne3
Kb5 47. Bd6 c5 48. Bf8 g6 49. Be7 f5 50. Nxf5 Kc4 51. g4 hxg4
52. fxg4 Kc3 53. g5 Nf4 54. Bxc5 1-0

[Event "ch-EUR Women Blitz"]
[Site "Monaco MNC"]
[Date "2017.10.23"]
[EventDate "2017.10.23"]
[Round "12.6"]
[Result "1-0"]
[White "Antoaneta Stefanova"]
[Black "Pia Cramling"]
[WhiteElo "2506"]
[BlackElo "2450"]
[PlyCount "87"]

1. d4 Nf6 2. Nf3 e6 3. e3 b6 4. Bd3 Bb7 5. Nbd2 d5 6. O-O Nbd7
7. b3 Bd6 8. Bb2 Qe7 9. Ne5 Ba3 10. Bxa3 Qxa3 11. f4 O-O
12. Qf3 Qb4 13. Qh3 Rad8 14. Ndf3 Nxe5 15. fxe5 Ne4 16. Qh5
Qe7 17. Bxe4 dxe4 18. Ng5 h6 19. Nh3 c5 20. c3 b5 21. Rad1 b4
22. c4 cxd4 23. Rxd4 Rxd4 24. exd4 Rd8 25. Rd1 e3 26. Qe2 Qh4
27. Qxe3 Bxg2 28. Nf2 Ba8 29. Rd3 a5 30. h3 Bb7 31. Kh2 Ba8
32. Qg3 Qh5 33. Qg4 Qxg4 34. hxg4 f6 35. exf6 gxf6 36. Kg3 Kf7
37. Kf4 Ke7 38. Ke3 Bb7 39. Rd2 Rg8 40. Rd1 Kf7 41. a3 bxa3
42. Ra1 Rb8 43. Rxa3 Bc6 44. Nd3 1-0

[Event "ch-EUR Women Blitz"]
[Site "Monaco MNC"]
[Date "2017.10.23"]
[EventDate "2017.10.23"]
[Round "13.5"]
[Result "1/2-1/2"]
[White "Alina Kashlinskaya"]
[Black "Antoaneta Stefanova"]
[WhiteElo "2455"]
[BlackElo "2506"]
[PlyCount "116"]

1. d4 d5 2. c4 c6 3. Nf3 Nf6 4. Nc3 a6 5. a4 e6 6. Bg5 a5
7. e3 Be7 8. Bd3 Na6 9. Rc1 Nb4 10. Bb1 dxc4 11. Ne5 b5
12. Qf3 Rb8 13. O-O Bb7 14. Qh3 Nbd5 15. Nxd5 Nxd5 16. Qh5 g6
17. Qf3 f6 18. e4 fxe5 19. Bxe7 Nxe7 20. Qf6 Rf8 21. Qxe5 Kf7
22. axb5 cxb5 23. Qxb5 Bxe4 24. Qxc4 Bd5 25. Qe2 Nf5 26. Qe5
Kg8 27. Rc7 Qf6 28. Bxf5 Qxe5 29. dxe5 gxf5 30. Rfc1 Rf7
31. R7c5 a4 32. R1c3 Rxb2 33. Rg3+ Kf8 34. h4 Rb8 35. Ra5 Bb3
36. Ra6 Rg7 37. Rc3 Rd7 38. Rg3 Kf7 39. h5 Rg8 40. Rc3 Rg5
41. h6 Rg6 42. Rh3 Rg4 43. Kh2 Kg6 44. Ra8 Kf7 45. Ra6 Rg8
46. Rc3 Rgd8 47. Rg3 Rg8 48. Rh3 Rc7 49. Rd3 Rgc8 50. Rg3 Rg8
51. Rh3 Rd7 52. Rc3 Rg6 53. Rh3 Rd8 54. Ra7+ Kg8 55. Kg1 Rd1+
56. Kh2 Rd8 57. Kg1 Bd1 58. Kh2 Bb3 1/2-1/2

[Event "Chinese Chess League"]
[Site "China CHN"]
[Date "2017.11.02"]
[EventDate "2017.04.18"]
[Round "16.6"]
[Result "1-0"]
[White "Antoaneta Stefanova"]
[Black "Xing Hong"]
[WhiteElo "2506"]
[BlackElo "2023"]
[PlyCount "67"]

1. Nf3 c5 2. g3 Nc6 3. Bg2 e5 4. e4 Nf6 5. O-O d6 6. d3 g6
7. h3 Bg7 8. Be3 O-O 9. Nc3 Nd4 10. Kh2 Rb8 11. Ng1 b5 12. Qc1
b4 13. Nd1 d5 14. c3 bxc3 15. bxc3 Ba6 16. cxd4 cxd4 17. Qa3
Rb6 18. Bg5 Ng4+ 19. hxg4 Qxg5 20. exd5 f5 21. gxf5 gxf5
22. d6 e4 23. Nh3 Qh6 24. d7 Rd6 25. Nb2 Rxd7 26. f4 e3
27. Rfe1 Rb8 28. Rac1 Rb6 29. Nc4 Rg6 30. Qb3 Kh8 31. Qb8+ Bf8
32. Ne5 Rb6 33. Qe8 Re7 34. Qxe7 1-0

[Event "Chinese Chess League"]
[Site "China CHN"]
[Date "2017.11.03"]
[EventDate "2017.04.18"]
[Round "17.2"]
[Result "1/2-1/2"]
[White "Huang Qian"]
[Black "Antoaneta Stefanova"]
[WhiteElo "2436"]
[BlackElo "2506"]
[PlyCount "93"]

1. d4 d5 2. c4 e6 3. Nf3 Nf6 4. Nc3 a6 5. cxd5 exd5 6. Bg5 Be6
7. e3 Nbd7 8. Bd3 h6 9. Bh4 g5 10. Bg3 Nh5 11. Qc2 Nxg3
12. hxg3 c6 13. e4 dxe4 14. Bxe4 Qa5 15. O-O Bg7 16. a3 g4
17. b4 Qc7 18. Nh4 Bxd4 19. Rad1 Qxg3 20. Rxd4 Qxh4 21. Bf5
O-O-O 22. Rxg4 Qh5 23. Bxe6 fxe6 24. Rg3 Rhg8 25. Ne4 Qh4
26. Re1 Rxg3 27. Nxg3 Qf6 28. a4 Kb8 29. Qe2 e5 30. Ne4 Qe7
31. b5 cxb5 32. axb5 a5 33. Qd2 Qb4 34. Qxb4 axb4 35. Rb1 Nb6
36. Rxb4 Rd1+ 37. Kh2 Nd5 38. Rb2 Kc7 39. Kg3 Nf4 40. f3 Kb6
41. Kg4 Nd3 42. Rb3 Ne1 43. g3 Nc2 44. Rc3 Nd4 45. Rc5 Rd3
46. Rxe5 Nxf3 47. Rh5 1/2-1/2

[Event "Chinese Chess League"]
[Site "China CHN"]
[Date "2017.11.04"]
[EventDate "2017.04.18"]
[Round "18.5"]
[Result "1/2-1/2"]
[White "Antoaneta Stefanova"]
[Black "Tingjie Lei"]
[WhiteElo "2506"]
[BlackElo "2528"]
[PlyCount "40"]

1. b3 e5 2. Bb2 Nc6 3. e3 g6 4. Nf3 Bg7 5. d4 exd4 6. Nxd4
Nxd4 7. Bxd4 Nf6 8. c4 O-O 9. Be2 d5 10. Nd2 dxc4 11. Nxc4 Be6
12. Qc2 Nd5 13. Bxg7 Kxg7 14. O-O Qf6 15. Na5 Rab8 16. Bf3
Rfd8 17. Rfd1 Qe5 18. Nc4 Qf6 19. Na5 Qe5 20. Nc4 Qf6 1/2-1/2

[Event "4NCL -18"]
[Site "Telford ENG"]
[Date "2017.11.11"]
[EventDate "2017.11.11"]
[Round "1.17"]
[Result "1-0"]
[White "Antoaneta Stefanova"]
[Black "Jana Malypetrova Hartston Miles Bellin"]
[WhiteElo "2506"]
[BlackElo "2056"]
[PlyCount "89"]

1. g3 Nf6 2. Bg2 d5 3. Nf3 c6 4. O-O Bg4 5. d3 e6 6. Qe1 Nbd7
7. e4 dxe4 8. dxe4 e5 9. Nbd2 Bc5 10. Nc4 Qe7 11. a3 b5
12. Ne3 O-O 13. b4 Bxe3 14. Bxe3 Be6 15. Qb1 Bc4 16. Re1 Rfd8
17. Nd2 Be6 18. Nb3 Nb6 19. Na5 Qc7 20. Bg5 Nbd7 21. Bf1 h6
22. Bc1 Nb6 23. f3 Nfd7 24. Be3 a6 25. Rc1 Nc4 26. Nxc4 bxc4
27. Qb2 a5 28. Qc3 axb4 29. axb4 Nb6 30. Ra5 Na4 31. Qxe5 Qxe5
32. Rxe5 Nc3 33. Ra5 Rab8 34. Ra3 Nb5 35. Ra6 Nd4 36. Bxd4
Rxd4 37. Rxc6 Rd2 38. Bxc4 Rxb4 39. Bxe6 fxe6 40. Rxe6 Rc4
41. Re5 Rc3 42. Rd5 Re2 43. Rd3 Rcxc2 44. Rxc2 Rxc2 45. Rd1
1-0

[Event "4NCL -18"]
[Site "Telford ENG"]
[Date "2017.11.12"]
[EventDate "2017.11.11"]
[Round "2.17"]
[Result "0-1"]
[White "Samuel A Milson"]
[Black "Antoaneta Stefanova"]
[WhiteElo "2110"]
[BlackElo "2506"]
[PlyCount "46"]

1. e4 e5 2. Nf3 Nc6 3. Bc4 Bc5 4. O-O Nf6 5. d4 Bxd4 6. Nxd4
Nxd4 7. f4 d6 8. fxe5 dxe5 9. Bg5 Qe7 10. Na3 Bd7 11. Qd2 Ne6
12. Bxf6 gxf6 13. Qh6 Nf4 14. Kh1 O-O-O 15. g3 Bc6 16. Rae1
Rd4 17. Qg7 Qd8 18. Qg4+ Kb8 19. Qf3 f5 20. Bd3 fxe4 21. Bxe4
Rxe4 22. Rxe4 f5 23. Rxf4 exf4 0-1

[Event "Chinese Chess League"]
[Site "China CHN"]
[Date "2017.12.03"]
[EventDate "2017.04.18"]
[Round "20.4"]
[Result "0-1"]
[White "Antoaneta Stefanova"]
[Black "Ju Wenjun"]
[WhiteElo "2500"]
[BlackElo "2567"]
[PlyCount "94"]

1. Nf3 d5 2. g3 c6 3. Bg2 Bg4 4. O-O Nd7 5. d3 Ngf6 6. h3 Bxf3
7. Bxf3 e5 8. Nd2 Bc5 9. c4 O-O 10. cxd5 cxd5 11. Qb3 Bb6
12. a4 Nc5 13. Qa3 Ne6 14. a5 Bc5 15. b4 Bd4 16. Bb2 Rc8
17. Rfc1 Qd6 18. e3 Bxb2 19. Qxb2 b6 20. axb6 axb6 21. Bg2 h6
22. h4 h5 23. Bh3 Ng4 24. Nf3 f6 25. Rc3 Rc7 26. Rac1 Rfc8
27. Rxc7 Rxc7 28. Rxc7 Nxc7 29. Qc3 Kh7 30. Bxg4 hxg4 31. Nh2
f5 32. d4 e4 33. Nf1 Qd7 34. Nd2 Nb5 35. Qc1 Nd6 36. Kg2 Qb5
37. Qc3 Qe2 38. Qc6 f4 39. Qxd5 f3+ 40. Kg1 Qxd2 41. Qh5+ Kg8
42. Qd5+ Nf7 43. Qa8+ Kh7 44. Qxe4+ g6 45. Qb1 Nd6 46. h5 Ne4
47. hxg6+ Kg7 0-1

[Event "Chinese Chess League"]
[Site "China CHN"]
[Date "2017.12.05"]
[EventDate "2017.04.18"]
[Round "22.3"]
[Result "1-0"]
[White "Antoaneta Stefanova"]
[Black "Mo Zhai"]
[WhiteElo "2500"]
[BlackElo "2302"]
[PlyCount "63"]

1. d4 Nf6 2. Nf3 e6 3. e3 b6 4. Bd3 Bb7 5. O-O d5 6. c4 Bd6
7. b3 O-O 8. Bb2 Nbd7 9. Nc3 a6 10. a4 Ne4 11. a5 Ndf6 12. Na4
Bb4 13. Qc2 dxc4 14. bxc4 b5 15. cxb5 axb5 16. Nc5 Nxc5
17. dxc5 Bxf3 18. gxf3 Rxa5 19. Rxa5 Bxa5 20. Rd1 Qe7 21. Bxb5
Bb4 22. Rc1 Rd8 23. Qc4 Bd2 24. Rd1 h6 25. Bc6 Nh5 26. f4 Nf6
27. Bf3 Ba5 28. Ra1 Bd2 29. Bd4 Rb8 30. Rd1 Ba5 31. Qa4 Bb4
32. Rb1 1-0

[Event "IMSA Elite Mind Games (Rapid, Women)"]
[Site "?"]
[Date "2017.12.10"]
[EventDate "?"]
[Round "1.4"]
[Result "1/2-1/2"]
[White "Antoaneta Stefanova"]
[Black "Mariya Muzychuk"]
[WhiteElo "2497"]
[BlackElo "2498"]
[PlyCount "86"]

1. Nf3 d5 2. g3 c6 3. Bg2 Nf6 4. O-O Bg4 5. d4 Nbd7 6. Nbd2 e6
7. Re1 Bd6 8. e4 dxe4 9. Nxe4 Nxe4 10. Rxe4 Nf6 11. Re1 O-O
12. c3 a5 13. Qb3 Qc7 14. a4 Nd5 15. c4 Bxf3 16. Bxf3 Nb4
17. Bd2 Rad8 18. Rad1 b6 19. Bc3 Rd7 20. Rd2 Rfd8 21. Kg2 Be7
22. Red1 h6 23. h4 Bf6 24. Bxb4 axb4 25. Qe3 c5 26. dxc5 Rxd2
27. Rxd2 Rxd2 28. Qxd2 Qxc5 29. b3 h5 30. Qe3 Bd4 31. Qg5 Qxg5
32. hxg5 g6 33. Bc6 Kg7 34. f4 f6 35. gxf6+ Kxf6 36. Be8 e5
37. fxe5+ Bxe5 38. Kf3 Bd6 39. Kg2 Bc5 40. Kf3 Bd6 41. Kg2 Bc5
42. Kf3 Bd6 43. Ke4 Ke5+ 1/2-1/2

[Event "IMSA Elite Mind Games (Rapid, Women)"]
[Site "?"]
[Date "2017.12.10"]
[EventDate "?"]
[Round "2.4"]
[Result "0-1"]
[White "Nana Dzagnidze"]
[Black "Antoaneta Stefanova"]
[WhiteElo "2508"]
[BlackElo "2497"]
[PlyCount "110"]

1. d4 d5 2. c4 c6 3. cxd5 cxd5 4. Bf4 Nf6 5. Nc3 a6 6. e3 Nc6
7. Bd3 Bg4 8. Nge2 e6 9. O-O Be7 10. Rc1 O-O 11. Bg3 Bh5
12. f3 Bg6 13. Nf4 Rc8 14. Nxg6 hxg6 15. Qe2 Nd7 16. Bf2 Nb6
17. Rcd1 Qd7 18. Bb1 Na5 19. e4 Nac4 20. f4 dxe4 21. Nxe4 Nd5
22. Nc5 Qb5 23. a4 Qb4 24. Be1 Qxb2 25. Qxc4 Ne3 26. Qa2 Nxd1
27. Nxe6 Qxa2 28. Bxa2 Rfe8 29. Ng5 Bxg5 30. fxg5 Rf8 31. Bb4
Nc3 32. Bxf8 Nxa2 33. Be7 Nc3 34. Re1 Nxa4 35. d5 Nb6 36. d6
Nd7 37. Rb1 b5 38. Kf2 f6 39. Ke3 Kf7 40. Kd4 Rc4+ 41. Ke3 b4
42. Ra1 Rc6 43. Kd4 Ke6 44. g4 Ne5 45. gxf6 gxf6 46. h3 g5
47. Rf1 Rc4+ 48. Ke3 Nd7 49. Re1 Kd5 50. Ra1 b3 51. Kd2 Rc2+
52. Kd1 Ra2 53. Rb1 Kc4 54. Rc1+ Kd3 55. Rb1 b2 0-1

[Event "IMSA Elite Mind Games (Rapid, Women)"]
[Site "?"]
[Date "2017.12.10"]
[EventDate "?"]
[Round "3.3"]
[Result "1-0"]
[White "Antoaneta Stefanova"]
[Black "Anna Ushenina"]
[WhiteElo "2497"]
[BlackElo "2482"]
[PlyCount "139"]

1. Nf3 d5 2. g3 g6 3. c4 c6 4. Qa4 dxc4 5. Qxc4 Bg7 6. Bg2 Nf6
7. O-O O-O 8. d3 Qd5 9. Qh4 Qh5 10. Qxh5 Nxh5 11. Nbd2 Nf6
12. Nc4 Nd5 13. Rb1 Rd8 14. Bd2 b6 15. Rfc1 Bb7 16. b4 Nd7
17. a4 Rac8 18. Bh3 h6 19. e4 Nc7 20. Be3 Ba8 21. a5 bxa5
22. Bxa7 a4 23. Bxd7 Rxd7 24. Nb6 Rxd3 25. Nxc8 Rxf3 26. Nxe7+
Kh7 27. Be3 Nb5 28. Kg2 Rf6 29. f3 a3 30. Nc8 Re6 31. Rc2 f5
32. Nb6 Bb7 33. Nd7 fxe4 34. f4 Nc3 35. Ra1 a2 36. Raxa2 Nxa2
37. Rxa2 Re7 38. Nb6 Bf6 39. Bc5 Rf7 40. Kf2 Bd8 41. Nc4 Bc7
42. Ra7 Bb8 43. Ra1 g5 44. Bd6 Bxd6 45. Nxd6 Rd7 46. Nxe4 Rd4
47. Ra7 Rxe4 48. Rxb7+ Kg6 49. Kf3 Rc4 50. Rb6 Kg7 51. Kg4
gxf4 52. gxf4 Rc2 53. h4 Rc4 54. Kf5 h5 55. Kg5 Kf7 56. f5 Ke7
57. Rb7+ Ke8 58. Kxh5 c5 59. b5 Rb4 60. Kg5 Rb1 61. h5 Kf8
62. Kg6 c4 63. h6 Rg1+ 64. Kf6 Kg8 65. Rc7 Rb1 66. Rxc4 Rxb5
67. Kg6 Rb8 68. Rc7 Kh8 69. f6 Rg8+ 70. Rg7 1-0

[Event "IMSA Elite Mind Games (Rapid, Women)"]
[Site "?"]
[Date "2017.12.10"]
[EventDate "?"]
[Round "4.1"]
[Result "1/2-1/2"]
[White "Ju Wenjun"]
[Black "Antoaneta Stefanova"]
[WhiteElo "2537"]
[BlackElo "2497"]
[PlyCount "112"]

1. d4 d5 2. c4 c6 3. Nf3 Nf6 4. Qc2 g6 5. Bf4 Bg7 6. e3 O-O
7. Nc3 Qa5 8. Be2 dxc4 9. Bxc4 b5 10. Bb3 c5 11. dxc5 Bf5
12. Qe2 Na6 13. Qxb5 Qxb5 14. Nxb5 Bd3 15. Nc7 Nxc7 16. Bxc7
Ne4 17. Be5 Nxc5 18. Bd1 Rfd8 19. Be2 Bxe2 20. Kxe2 Na4
21. Bxg7 Kxg7 22. Rac1 Nxb2 23. Rc7 Kf8 24. Rb1 Na4 25. Rbb7
Rac8 26. Rxc8 Rxc8 27. Rxa7 Rc2+ 28. Ke1 Rxa2 29. Nd4 Nc3
30. Rxa2 Nxa2 31. Kd2 Nb4 32. Kc3 Nd5+ 33. Kc4 Nf6 34. f3 Ke8
35. e4 Kd7 36. e5 Nh5 37. g3 Ng7 38. Kd5 Ne8 39. e6+ fxe6+
40. Nxe6 Nf6+ 41. Ke5 Ke8 42. Nc5 Kf7 43. g4 h6 44. h4 Ne8
45. Ne4 Ng7 46. Nc3 Ne6 47. Ne4 Ng7 48. Ng3 Ne6 49. h5 Ng7
50. hxg6+ Kxg6 51. f4 h5 52. gxh5+ Nxh5 53. Nxh5 Kxh5 54. Kf5
Kh4 55. Ke6 Kg4 56. Kxe7 Kxf4 1/2-1/2